000 00851cam a2200217 4500
001 WB3705-13
008 000000n2001 000 0 eng u
035 _a(Sirsi) u110646
245 _aRICS/University partnerships announced
260 _c2001
490 _aRICS Press Release
_v(010) 26 January 2001, (3)
520 _aOn 27 January 2001 RICS announced the 37 universities that will run RICS accredited courses from October 2001. These courses will lead to RICS membership. At the same time it has removed accreditation from 15 universities, which are currently offering accredited courses. List summarises changes.
590 _aWB
650 _aRICS
650 _aUNIVERSITIES
650 _aPARTNERSHIPS
650 _aACCREDITED DEGREES
650 _aACCREDITED COURSES
690 _aCAREERS, EDUCATION AND TRAINING
942 _n0
999 _c65930
_d65930